|
|
|
|
| LEADER |
01382 a2200217 4500 |
| 008 |
150103s9999 000 0 eng |
| 020 |
|
|
|a 9780415414227 (hardback)
|
| 020 |
|
|
|a 9780415414234 (pbk.)
|c GBP 18.99
|
| 020 |
|
|
|a 9780203852880 (ebook)
|
| 082 |
0 |
0 |
|a 839.726
|
| 100 |
1 |
|
|a Szalczer, Eszter.
|
| 245 |
1 |
0 |
|a August Strindberg /
|
| 260 |
|
|
|a New York, NY :
|b Routledge,
|c c2011.
|
| 300 |
|
|
|a x, 217 p.
|
| 500 |
|
|
|a P18.99
|
| 505 |
0 |
|
|a Versions of a life. Problematics of biography vs. autobiography -- Between fiction and reality -- A life in the theatre. The Scandinavian experimental theatre -- Strindberg and the independent theatre movement : the first productions -- Strindberg and stagecraft : theory and practice -- The intimate theatre -- Key plays. Naturalism and the modern character -- Dream-play dramaturgy and modernist allegories -- The last sonatas -- Modernizing history -- Key plays/productions. Miss Julie: from failed world premiere to worldwide acclaim -- A dream play : from closet drama to post-modern performance -- The ghost sonata and Strindberg's haunting legacy.
|
| 650 |
|
|
|a Strindberg, August,1849-1912.
|
| 653 |
|
|
|a Dramatic Production
|
| 942 |
|
|
|c BK
|
| 999 |
|
|
|c 306033
|d 306033
|
| 952 |
|
|
|0 0
|1 0
|2 ddc
|4 0
|6 839_726000000000000_SZA_AU
|7 0
|9 351033
|a DRA
|b DRA
|c ST1
|d 2012-03-12
|i 8008
|l 3
|o 839.726 SZA/AU
|p DRA8008
|r 2021-11-23
|s 2021-11-20
|v 1598.96
|w 2012-03-12
|y BK
|